MARC

LEADER 00000nam0a2200000 4500
001 127704
005 20231031132335.0
035 |a (RuTPU)RU\TPU\book\138150 
090 |a 127704 
100 |a 20071219d1964 km y0rusy50 ca 
101 0 |a rus 
102 |a RU 
105 |a a z 001zy 
200 1 |a Замер и учет количества нефтепродуктов  |e анализ зарубежных данных  |f С. А. Бобровский 
210 |a Москва  |d 1964 
215 |a 56 с.  |c ил. 
225 1 |a Научно-аналитические и тематические сборники 
320 |a Библиогр.: с. 56. (26 назв.) 
610 1 |a контрольно-измерительные инструменты 
610 1 |a контрольно-измерительные приборы 
610 1 |a нефтяная промышленность 
610 1 |a конструкции 
610 1 |a нефтепродукты 
610 1 |a взвешивание 
610 1 |a замеры 
610 1 |a учет 
610 1 |a иностранный опыт 
675 |a 665.5.021  |v 3 
700 1 |a Бобровский  |b С. А. 
801 1 |a RU  |b 63413507  |c 20071219  |g PSBO 
801 2 |a RU  |b 63413507  |c 20081001  |g PSBO 
942 |c BK